000 00698nam a2200229Ii 4500
003 JO-AjNU
008 230605s9999||||xx |||||||||||||| ||und||
017 _a2008/11/3924
020 _a978-9957-70-137-6
040 _aJO-AjNU
_bara
_erda
_cJO-AjNU
041 _aara
050 1 4 _aPJ7808.K5.K35 2008
100 3 _aابو خضره، صفاء,
_eauthor
_957467
245 0 0 _aكانو هو...
250 _aط1
264 3 1 _aاربد: عالم الكتب الحديث،2009
300 _a137ص
336 _atext
_btxt
_2rdacontent
337 _aunmediated
_bn
_2rdamedia
338 _avolume
_bnc
_2rdacarrier
650 4 _aالشعر العربي-العصر الحديث-الاردن
_957468
999 _aA25756
_c29324
_d29324